Central Library, Doon University
WEBOPAC (ONLINE PUBLIC ACCESS CATALOGUE)

Fundamentals of Business Statics (Record no. 60016)

MARC details
000 -LEADER
fixed length control field 00458nam a22001937a 4500
005 - DATE & TIME
control field 20260121112638.0
008 - FIXED-LENGTH DATA ELEMENTS--GENERAL INFORMATION
fixed length control field 260121b |||||||| |||| 00| 0 eng d
020 ## - ISBN
International Standard Book Number 9789391820817
Price 650.00
040 ## - CATALOGING SOURCE
Original cataloging agency Doon University
041 ## - Language
Language English
082 ## - DDC NUMBER
Classification number 519.5
Book Number GUP
100 ## - MAIN ENTRY--PERSONAL NAME
Personal name Gupta, S.P.
245 ## - TITLE STATEMENT
Title Fundamentals of Business Statics
250 ## - EDITION STATEMENT
Edition statement 1st
260 ## - PUBLICATION, DISTRIBUTION, ETC. (IMPRINT)
Place of publication, distribution, etc New Delhi
Name of publisher, distributor, etc S. Chand
Date of publication, distribution, etc 2025
300 ## - PHYSICAL DESCRIPTION
Pages V.P.
650 ## - Subject
Subject Commerce
942 ## - ADDED ENTRY ELEMENTS (KOHA)
Koha item type Books
100 ## - MAIN ENTRY--PERSONAL NAME
-- 1670
952 ## - LOCATION AND ITEM INFORMATION (KOHA)
-- 2026-01-21
952 ## - LOCATION AND ITEM INFORMATION (KOHA)
-- 2026-01-21
952 ## - LOCATION AND ITEM INFORMATION (KOHA)
-- 2026-01-21
952 ## - LOCATION AND ITEM INFORMATION (KOHA)
-- 2026-01-21
952 ## - LOCATION AND ITEM INFORMATION (KOHA)
-- 2026-01-21
Holdings
Withdrawn status Lost status Source of classification or shelving scheme Damaged status Not for loan Location (home branch) Sublocation or collection (holding branch) Date acquired Koha full call number Accession No. Koha date last seen Koha item type Koha issues (times borrowed)
        Not For Loan Doon University Doon University 21.01.2026 519.5 GUP 51469 21.01.2026 Reference  
          Doon University Doon University 21.01.2026 519.5 GUP 51470 21.01.2026 Books  
          Doon University Doon University 21.01.2026 519.5 GUP 51471 21.01.2026 Books  
          Doon University Doon University 21.01.2026 519.5 GUP 51472 21.01.2026 Books  
          Doon University Doon University 21.01.2026 519.5 GUP 51473 21.01.2026 Books  
Contact : +91-135-2533126 (Library),+91-135-2533105 (Admin Office) , Email : doonlibrary@gmail.com

Powered by Koha